[Event "World Youth Girl U16 2016"]
[Site "Khanty-Mansiysk RUS"]
[Date "2016.10.03"]
[Round "11.14"]
[White "Jie, Tianhui"]
[Black "Monroy G., Nataly A."]
[Result "0-1"]
[BlackTitle "WIM"]
[WhiteElo "1914"]
[BlackElo "2105"]
[WhiteFideId "30908566"]
[BlackFideId "3304019"]
[EventDate "2016.09.22"]

1. d4 Nf6 2. c4 c5 3. d5 e6 4. Nc3 exd5 5. cxd5 d6 6. e4 g6 7. Nf3 Bg7 8. h3 O-O
9. Bd3 b5 10. Nxb5 Re8 11. O-O Nxe4 12. Re1 a6 13. Na3 Nf6 14. Rxe8+ Nxe8 15.
Bg5 Nf6 16. Qd2 Bb7 17. Bc4 Nbd7 18. Re1 Nb6 19. Bb3 Qc7 20. Nc4 Re8 21. Rxe8+
Nxe8 22. Nxb6 Qxb6 23. Qe2 Qb5 24. Bc4 Qd7 25. b3 Nc7 26. Qd3 Qe8 27. Bf4 Bf8
28. Nd2 Qe1+ 29. Nf1 Qa1 30. Qg3 Bxd5 31. Bxd5 Nxd5 32. Bxd6 Nc3 33. Kh2 Qxf1 0-1

[Event "World Youth Girl U16 2016"]
[Site "Khanty-Mansiysk RUS"]
[Date "2016.10.03"]
[Round "11.15"]
[White "Broly, Mathilde"]
[Black "Blazeka, Mihaela"]
[Result "1/2-1/2"]
[WhiteElo "2046"]
[BlackElo "1868"]
[WhiteFideId "20682794"]
[BlackFideId "14528576"]
[EventDate "2016.09.22"]

1. e4 e5 2. Nf3 Nc6 3. Bb5 a6 4. Ba4 Nf6 5. O-O Be7 6. Re1 b5 7. Bb3 d6 8. c3
O-O 9. d4 Bg4 10. d5 Na5 11. Bc2 c6 12. h3 Bh5 13. Nbd2 Rc8 14. Nf1 cxd5 15.
exd5 Rc5 16. Ng3 Rxd5 17. Qe2 Bg6 18. Bxg6 hxg6 19. b3 Nb7 20. Ba3 Nc5 21. c4
bxc4 22. bxc4 Rd3 23. Bxc5 dxc5 24. Nxe5 Rd2 25. Qe3 Qd4 26. Qxd4 cxd4 27. Nf3
Bb4 28. Nxd2 Bxd2 29. Red1 Bc3 30. Rac1 Re8 31. f3 Nh5 32. Ne4 Bb4 33. Rc2 f5
34. Nf2 Nf4 35. Nd3 Nxd3 36. Rxd3 Bc3 37. Rdxc3 dxc3 38. Kf2 Re6 39. Rxc3 Kf7
40. c5 Ke7 41. c6 Kd8 42. c7+ Kc8 43. f4 Rb6 44. a3 Rb2+ 45. Kg1 Rb6 46. Kh2 Rd6
47. Rc4 Rb6 48. a4 Rd6 49. Kg3 Rd3+ 50. Kh4 Rd6 51. Kg5 Rb6 52. g4 fxg4 53. hxg4
Rd6 54. f5 gxf5 55. gxf5 Rb6 56. Re4 Kxc7 57. Re7+ Kd8 58. Rxg7 Rb4 59. f6 Rxa4
60. Kg6 Rf4 61. Kf7 a5 62. Rg5 a4 63. Ra5 Kd7 64. Ra7+ Kd8 65. Kg7 Rg4+ 66. Kf8
Rf4 67. f7 Rg4 68. Ra5 Kd7 69. Rd5+ Ke6 70. Rd3 Rf4 71. Re3+ Kd7 72. Re7+ Kd8
73. Re3 Kd7 74. Re5 a3 75. Ra5 Rf3 76. Ra7+ Kd8 77. Kg7 Rg3+ 78. Kf6 Rf3+ 79.
Kg7 Rg3+ 80. Kf8 Rf3 81. Ra4 Kd7 82. Rd4+ Ke6 83. Re4+ Kd7 1/2-1/2

[Event "World Youth Girl U16 2016"]
[Site "Khanty-Mansiysk RUS"]
[Date "2016.10.03"]
[Round "11.16"]
[White "Gundogan, Sinem Cagla"]
[Black "Petraki, Argiro"]
[Result "1-0"]
[WhiteTitle "WCM"]
[WhiteElo "1933"]
[BlackElo "1632"]
[WhiteFideId "6325378"]
[BlackFideId "4252748"]
[EventDate "2016.09.22"]

1. e4 c5 2. Nc3 a6 3. g4 b5 4. Bg2 Bb7 5. Nh3 e6 6. O-O h5 7. g5 Ne7 8. d3 Nbc6
9. f4 Qc7 10. f5 O-O-O 11. Nf4 h4 12. g6 b4 13. Na4 Qa5 14. b3 exf5 15. gxf7 g5
16. Nd5 Bg7 17. Nab6+ Kb8 18. Nc4 Qb5 19. a4 bxa3 20. Nd6 Bxa1 21. Nxb5 axb5 22.
Bxg5 Bd4+ 23. Kh1 Nxd5 24. exd5 Nb4 25. Bxd8 Rxd8 26. Qd2 Nxd5 27. Qa5 Kc8 28.
Rxf5 Ne3 29. Bxb7+ Kxb7 30. Qxd8 a2 31. Qxd7+ 1-0

[Event "World Youth Girl U16 2016"]
[Site "Khanty-Mansiysk RUS"]
[Date "2016.10.03"]
[Round "11.17"]
[White "Busuioc, Alexandra"]
[Black "Jakab, Kincso"]
[Result "0-1"]
[WhiteElo "1876"]
[BlackElo "1893"]
[WhiteFideId "1635778"]
[BlackFideId "1232002"]
[EventDate "2016.09.22"]

1. e4 c5 2. Nf3 e6 3. d4 cxd4 4. Nxd4 a6 5. Nc3 Qc7 6. Be2 b5 7. a3 Bb7 8. O-O
Nf6 9. Bf3 Nc6 10. Nxc6 dxc6 11. Qe2 Bd6 12. g3 Be5 13. Bd2 c5 14. Bg2 h5 15.
Nd1 h4 16. f4 Bd4+ 17. Be3 hxg3 18. hxg3 Rd8 19. Bf2 g5 20. c3 Bxf2+ 21. Rxf2
gxf4 22. gxf4 Rg8 23. Kh1 Ng4 24. Rf3 Ke7 25. Nf2 Rh8+ 26. Nh3 c4 27. Raf1 Qc5
28. f5 Qd6 29. Rf4 Ne5 30. fxe6 Qxe6 31. Kh2 Rd3 32. Rf5 Qd6 33. R1f4 Bc8 34.
Rh5 Ng4+ 35. Kh1 Rxh5 36. Qf1 Be6 37. e5 Qxe5 38. Rxg4 Bxg4 0-1

[Event "World Youth Girl U16 2016"]
[Site "Khanty-Mansiysk RUS"]
[Date "2016.10.03"]
[Round "11.18"]
[White "Khristenko, Anna"]
[Black "Wijesuriya, G P Y"]
[Result "1/2-1/2"]
[WhiteElo "1938"]
[BlackElo "1588"]
[WhiteFideId "24173886"]
[BlackFideId "9906959"]
[EventDate "2016.09.22"]

1. Nf3 d5 2. g3 Nf6 3. d4 Bg4 4. Bg2 Nbd7 5. O-O e6 6. Nbd2 Bd6 7. c4 c6 8. b3
O-O 9. Bb2 Re8 10. Ne5 Qc7 11. Nxg4 Nxg4 12. e4 Bb4 13. Qxg4 Bxd2 14. Rfd1 Bh6
15. e5 g6 16. Qe2 Bg7 17. Rac1 Qd8 18. f4 Qe7 19. h3 Nb6 20. c5 Nd7 21. b4 a6
22. a4 Rec8 23. b5 axb5 24. axb5 Qd8 25. b6 Ra2 26. Ra1 Rca8 27. Bf1 Rxa1 28.
Rxa1 Rxa1 29. Bxa1 Qa8 30. Bc3 Qa3 31. Qd2 Bh6 32. Qe1 Nb8 33. Ba5 Qb2 34. Qc3
Qxc3 35. Bxc3 Nd7 36. Kg2 Bf8 37. Kf3 h5 38. g4 Kg7 39. Bd3 Kh6 40. Bd2 Be7 41.
Kg3 Nf8 42. f5+ Bg5 43. Bxg5+ Kxg5 44. h4+ Kh6 45. g5+ Kg7 46. fxg6 fxg6 47. Kf3
Kf7 1/2-1/2

[Event "World Youth Girl U16 2016"]
[Site "Khanty-Mansiysk RUS"]
[Date "2016.10.03"]
[Round "11.19"]
[White "Kostava, Elene"]
[Black "Bauyrzhan, Arnash"]
[Result "1-0"]
[WhiteElo "1756"]
[BlackElo "1904"]
[WhiteFideId "13603280"]
[BlackFideId "13706322"]
[EventDate "2016.09.22"]

1. Nf3 d5 2. e3 Nf6 3. c4 e6 4. b3 c5 5. Bb2 Nc6 6. cxd5 exd5 7. d4 cxd4 8. Nxd4
Bb4+ 9. Bc3 O-O 10. Bxb4 Nxb4 11. Be2 Nc6 12. O-O Ne4 13. Bf3 Ne5 14. Be2 Qf6
15. f3 Nd6 16. Nc3 Be6 17. Rc1 Rac8 18. Nxe6 fxe6 19. Qd2 Qh6 20. f4 Nc6 21. Bg4
Qg6 22. Qe2 d4 23. exd4 Nxd4 24. Qd1 N6f5 25. Bxf5 Nxf5 26. Qf3 Nd4 27. Qe3 Nc2
28. Qd2 Nb4 29. Ne2 a5 30. Rxc8 Rxc8 31. Qd7 Rf8 32. Nd4 e5 33. Ne6 Re8 34. Nxg7
Qb6+ 35. Kh1 Rd8 36. Qe7 Nd3 37. h3 Nxf4 38. Nf5 Qg6 39. Qxd8+ Kf7 40. Qd7+ Kf6
41. g4 1-0

[Event "World Youth Girl U16 2016"]
[Site "Khanty-Mansiysk RUS"]
[Date "2016.10.03"]
[Round "11.20"]
[White "Hamedi Nia, Vesal"]
[Black "Simakova, Elena"]
[Result "0-1"]
[WhiteElo "1904"]
[BlackElo "1860"]
[WhiteFideId "12542253"]
[BlackFideId "34142166"]
[EventDate "2016.09.22"]

1. d4 Nf6 2. c4 c5 3. Nf3 cxd4 4. Nxd4 Nc6 5. Nc3 g6 6. e3 Bg7 7. Be2 O-O 8. O-O
d6 9. a3 Bd7 10. b4 Rc8 11. Bb2 a6 12. Rc1 Be6 13. Nxe6 fxe6 14. Na4 e5 15. Qb3
e6 16. Rfd1 Qc7 17. b5 Ne7 18. c5 d5 19. bxa6 bxa6 20. Bxa6 Rb8 21. Qc2 e4 22.
Be2 Nc6 23. Nc3 Ne5 24. Nb5 Rxb5 25. Bxb5 Nfg4 26. Bxe5 Qxe5 27. g3 Qh5 28. h4
Rxf2 29. Rd2 Rf3 30. Rb1 Rxg3+ 31. Rg2 Nxe3 32. Rxg3 Nxc2 33. Bd7 Bd4+ 34. Kg2
Ne3+ 35. Rxe3 Bxe3 36. Bxe6+ Kg7 37. c6 Qf3+ 38. Kh2 Bf4+ 39. Kg1 Qg3+ 40. Kf1
Qd3+ 0-1

[Event "World Youth Girl U16 2016"]
[Site "Khanty-Mansiysk RUS"]
[Date "2016.10.03"]
[Round "11.21"]
[White "Limanovska, Elizabete"]
[Black "Krapivina, Galina"]
[Result "1-0"]
[WhiteElo "1870"]
[BlackElo "1834"]
[WhiteFideId "11603542"]
[BlackFideId "24159182"]
[EventDate "2016.09.22"]

1. e4 e6 2. d4 d5 3. Nd2 dxe4 4. Nxe4 Bd7 5. Nf3 Bc6 6. Bd3 Nd7 7. O-O Ngf6 8.
Ng3 Be7 9. Re1 O-O 10. c4 Bxf3 11. Qxf3 c6 12. Bd2 Nb6 13. Ne2 Qd7 14. b3 Rad8
15. Bc3 Ne8 16. Rad1 Bf6 17. Bc2 Nc7 18. Nf4 Qe7 19. Nh5 Nd7 20. Qd3 g6 21.
Nxf6+ Nxf6 22. f4 Nh5 23. Qf3 Qd6 24. g3 f6 25. Kh1 Ng7 26. g4 Qd7 27. Bb2 b5
28. Be4 bxc4 29. bxc4 c5 30. dxc5 Qa4 31. Rxd8 Rxd8 32. Bxf6 Rb8 33. f5 Qxa2 34.
fxg6 hxg6 35. Bxg6 Rb3 36. Qf4 Qa5 37. Rf1 1-0

[Event "World Youth Girl U16 2016"]
[Site "Khanty-Mansiysk RUS"]
[Date "2016.10.03"]
[Round "11.22"]
[White "Shih, Ching-An"]
[Black "Prakapuk, Vera"]
[Result "0-1"]
[WhiteTitle "WCM"]
[WhiteElo "1460"]
[BlackElo "1908"]
[WhiteFideId "16300653"]
[BlackFideId "13507052"]
[EventDate "2016.09.22"]

1. Nf3 Nf6 2. g3 d5 3. d4 Bf5 4. Bg2 h6 5. Nbd2 e6 6. c3 c6 7. O-O Nbd7 8. Re1
Be7 9. Nf1 O-O 10. Bf4 Ne4 11. N1d2 g5 12. Be3 Bg6 13. Nxe4 dxe4 14. Nd2 f5 15.
f4 Nf6 16. Nc4 Nd5 17. Qc1 Kh7 18. Ne5 Rg8 19. fxg5 Bxg5 20. Bxg5 Qxg5 21. Qxg5
hxg5 22. e3 Rad8 23. Kf2 Nb6 24. b3 Nd7 25. Nxd7 Rxd7 26. Rad1 Rgd8 27. h3 c5
28. g4 fxg4 29. hxg4 e5 30. Rc1 Rf7+ 31. Kg3 exd4 32. exd4 cxd4 33. Bxe4 d3 34.
Rcd1 d2 35. Bxg6+ Kxg6 36. Re2 Rd3+ 37. Kg2 Rf4 38. c4 Rxg4+ 39. Kf2 Rf4+ 40.
Kg2 Rfd4 41. Kf2 Kf5 42. Kg2 Kg4 43. Kf2 Kf4 44. Kg2 g4 45. Rf1+ Kg5 46. Rd1 Kh4
47. Rh1+ Rh3 48. Rd1 Rg3+ 49. Kh2 Rgd3 50. Kg2 g3 51. Rh1+ Kg4 52. Rd1 b6 53.
Re7 Rc3 54. Re2 Rc2 55. a3 a5 56. a4 Kf4 57. Rf1+ Kg5 58. Rd1 Kg4 59. Kg1 Rc1 0-1

[Event "World Youth Girl U16 2016"]
[Site "Khanty-Mansiysk RUS"]
[Date "2016.10.03"]
[Round "11.23"]
[White "Tumova, Anna"]
[Black "Cieslak, Wiktoria"]
[Result "0-1"]
[WhiteElo "1711"]
[BlackElo "1869"]
[WhiteFideId "367397"]
[BlackFideId "1160036"]
[EventDate "2016.09.22"]

1. e4 c5 2. d4 cxd4 3. c3 d5 4. exd5 Qxd5 5. cxd4 Nc6 6. Nf3 Bg4 7. Be2 e6 8.
Nc3 Bb4 9. O-O Bxc3 10. bxc3 Nf6 11. Ba3 Qa5 12. Qb3 Qb6 13. Qa4 Nd5 14. Rfc1 f6
15. Rab1 Qc7 16. c4 Nf4 17. Bd1 Bf5 18. Rb3 Kf7 19. d5 exd5 20. cxd5 Nxd5 21.
Rb5 Be6 22. Nd4 a6 23. Rbc5 Qe5 24. Nf3 Qf4 25. R5c4 Qb8 26. Rb1 b5 27. Qc2 Ne5
28. Nxe5+ Qxe5 29. Re4 Qc3 30. Qe2 Qxa3 31. Rxe6 Nf4 32. Qg4 Nxe6 33. Bb3 Rae8
34. Rd1 Re7 35. f4 g6 36. f5 Qc5+ 37. Kh1 Qxf5 0-1

[Event "World Youth Girl U16 2016"]
[Site "Khanty-Mansiysk RUS"]
[Date "2016.10.03"]
[Round "11.24"]
[White "Zairbek kyzy, Begimay"]
[Black "Saumy, Zainab"]
[Result "0-1"]
[WhiteElo "1836"]
[BlackElo "1688"]
[WhiteFideId "13803603"]
[BlackFideId "9911316"]
[EventDate "2016.09.22"]

1. e4 c6 2. d4 d5 3. e5 c5 4. c3 Nc6 5. f4 Nh6 6. dxc5 e6 7. Be3 Be7 8. Na3 a6
9. Nc2 O-O 10. Bd3 f6 11. Qh5 Nf5 12. Bxf5 exf5 13. exf6 Rxf6 14. O-O-O Be6 15.
Nh3 Bf7 16. Qf3 h6 17. Nf2 Qa5 18. g4 Bxc5 19. Bxc5 Qxc5 20. g5 Rd6 21. Nd3 Qc4
22. gxh6 Rxh6 23. Ne3 Qe4 24. Qg3 d4 25. cxd4 Nxd4 26. Kb1 Rb6 27. Rhe1 Qe6 28.
Nc1 Nb5 29. Ng4 Qc8 30. Ne5 Nc3+ 31. Ka1 Nxd1 32. Ned3 Nxb2 33. Nxb2 Qc2 34.
Ncd3 Rd8 35. Rc1 Qd2 36. Rd1 Qa5 37. a4 Qc3 38. Rg1 Rxd3 0-1

[Event "World Youth Girl U16 2016"]
[Site "Khanty-Mansiysk RUS"]
[Date "2016.10.03"]
[Round "11.25"]
[White "Oberholzer, Marni"]
[Black "Campos Toledo, Andrea Celeste"]
[Result "1-0"]
[WhiteElo "1683"]
[BlackElo "1750"]
[WhiteFideId "14310414"]
[BlackFideId "3826171"]
[EventDate "2016.09.22"]

1. d4 Nf6 2. Nf3 e6 3. c4 Bb4+ 4. Nbd2 d5 5. Qa4+ Nc6 6. a3 Bxd2+ 7. Bxd2 Bd7 8.
cxd5 exd5 9. Bg5 O-O 10. e3 h6 11. Bh4 Re8 12. Be2 Re4 13. Bxf6 Qxf6 14. Qb3 Qd6
15. Rc1 Ree8 16. Qd3 Qf6 17. Qb3 Qd6 18. Rc5 Qe7 19. Qxd5 Rad8 20. Qc4 Qe4 21.
Qc2 Bf5 22. Qxe4 Bxe4 23. O-O Rd6 24. Rfc1 Ne7 25. Rxc7 Bc6 26. Bc4 Rg6 27. Nh4
Rg4 28. g3 Rg5 29. b4 Nd5 30. Bxd5 Rxd5 31. Nf3 f6 32. Nd2 a5 33. Rc5 Rxc5 34.
bxc5 Rd8 35. Nc4 Ra8 36. Nd6 Rb8 37. e4 a4 38. d5 Be8 39. Rxb7 Rxb7 40. Nxb7 Kf8
41. Nd6 Ke7 42. Nxe8 Kxe8 1-0

[Event "World Youth Girl U16 2016"]
[Site "Khanty-Mansiysk RUS"]
[Date "2016.10.03"]
[Round "11.26"]
[White "Kopcova, Ludmila"]
[Black "Tomcikova, Zuzana"]
[Result "1-0"]
[WhiteElo "1798"]
[BlackElo "1621"]
[WhiteFideId "363774"]
[BlackFideId "14939126"]
[EventDate "2016.09.22"]

1. e4 c6 2. d4 d5 3. Nc3 dxe4 4. Nxe4 Bf5 5. Ng3 Bg6 6. h4 h6 7. Nh3 Nd7 8. Nf4
Bh7 9. Bc4 e6 10. Bxe6 Qe7 11. O-O O-O-O 12. Bxd7+ Qxd7 13. h5 Nf6 14. c3 Bd6
15. b4 g5 16. hxg6 Bxg6 17. Nxg6 fxg6 18. Qd3 Qg4 19. Re1 h5 20. Bd2 h4 21. Ne4
h3 22. Nxd6+ Rxd6 23. Qg3 hxg2 24. Qxg4+ Nxg4 25. Bf4 Rf6 26. Bg3 Rf3 27. Kxg2
Rxc3 28. Re7 Rh5 29. Rae1 Nf6 30. Rf7 Rf5 31. Ree7 Kd8 32. Bc7+ 1-0

[Event "World Youth Girl U16 2016"]
[Site "Khanty-Mansiysk RUS"]
[Date "2016.10.03"]
[Round "11.27"]
[White "Griciute, Rosita"]
[Black "Nazarova, Veronika"]
[Result "1/2-1/2"]
[WhiteElo "1641"]
[BlackElo "1303"]
[WhiteFideId "12811238"]
[BlackFideId "4506944"]
[EventDate "2016.09.22"]

1. e4 c5 2. Nf3 d6 3. d4 cxd4 4. Nxd4 Nf6 5. Nc3 Bd7 6. Bg5 g6 7. f3 Bg7 8. Qd2
Nc6 9. Be3 O-O 10. Bc4 a6 11. O-O-O b5 12. Bb3 b4 13. Nce2 a5 14. Bh6 Qb6 15.
Bxg7 Kxg7 16. Nxc6 Qxc6 17. Bd5 Nxd5 18. Qxd5 Qxd5 19. Rxd5 Be6 1/2-1/2

[Event "World Youth Girl U16 2016"]
[Site "Khanty-Mansiysk RUS"]
[Date "2016.10.03"]
[Round "11.28"]
[White "Sevilla, Julia"]
[Black "Gardiner, Nina"]
[Result "1-0"]
[WhiteElo "1546"]
[BlackElo "1530"]
[WhiteFideId "2099730"]
[BlackFideId "14306867"]
[EventDate "2016.09.22"]

1. d4 d5 2. c4 c6 3. Nf3 Nf6 4. e3 e6 5. b3 Nbd7 6. Bb2 Bd6 7. Bd3 O-O 8. O-O b6
9. Nbd2 Qc7 10. e4 dxe4 11. Nxe4 Nxe4 12. Bxe4 h6 13. Rc1 Nf6 14. Bb1 Rd8 15.
Qc2 Qe7 16. Rfe1 Bb7 17. Ne5 Ba3 18. Bxa3 Qxa3 19. Rcd1 Qb4 20. Re3 b5 21. h3
bxc4 22. bxc4 Rab8 23. Rf3 Qe7 24. Ng4 Qc7 25. Nxf6+ gxf6 26. Qh7+ Kf8 27. Qh8+
Ke7 28. Qxf6+ Ke8 29. Bg6 Qe7 30. Qxf7+ Qxf7 31. Rxf7 Rd7 32. Rh7+ Kd8 33. Rxh6
c5 34. Be8 Rd6 35. Bb5 cxd4 36. c5 Rd5 37. Bc4 Rxc5 38. Rxd4+ Kc7 39. Rxe6 Bc8
40. Re7+ Kb6 41. Rd6+ Ka5 42. Rxa7+ Kb4 43. Bb3 Bf5 44. g4 Bc8 45. Ra4+ Kc3 46.
Rdd4 Kb2 47. Rab4 Bb7 48. Bd5+ Kc3 49. Rdc4+ Rxc4 50. Rxc4+ Kd3 51. Rb4 Bxd5 52.
Rxb8 Bxa2 53. Re8 1-0

[Event "World Youth Girl U16 2016"]
[Site "Khanty-Mansiysk RUS"]
[Date "2016.10.03"]
[Round "11.29"]
[White "Ni Mhuireagain, Eibhia"]
[Black "Horn, Caro"]
[Result "1-0"]
[WhiteElo "1433"]
[BlackElo "1229"]
[WhiteFideId "2505665"]
[BlackFideId "15200884"]
[EventDate "2016.09.22"]

1. e4 e6 2. d4 d5 3. exd5 exd5 4. Nf3 c5 5. Bb5+ Bd7 6. Bxd7+ Qxd7 7. O-O Bd6 8.
Re1+ Ne7 9. Nc3 O-O 10. dxc5 Bxc5 11. Bf4 Nbc6 12. a3 Rfe8 13. Qd2 Ng6 14. Nxd5
Rac8 15. Rxe8+ Rxe8 16. Nf6+ gxf6 17. Qxd7 Rf8 18. Bh6 Nge5 19. Nxe5 fxe5 20.
Bxf8 1-0